| 000 | 00919nam a2200253Ia 4500 | ||
|---|---|---|---|
| 003 | OSt | ||
| 005 | 20221005085547.0 | ||
| 006 | a|||||r|||| 00| 0 | ||
| 007 | ta | ||
| 008 | 221004b |||||||| |||| 00| 0 eng d | ||
| 020 |
_a0815333897 (hbk) _c11995 |
||
| 024 | _a97030 | ||
| 037 |
_b054, 08/09/2009, Anshika Book International Publishers & Distributors _cTextual |
||
| 040 |
_aCRL _cCRL _beng |
||
| 041 |
_2eng _aeng |
||
| 082 | _aY73:2, N9 | ||
| 100 |
_aGregory David L. Ed. _9614309 |
||
| 245 | 0 | _aLabour and the constitution | |
| 260 |
_aNew York _bGarland Publishing USA _c1999 |
||
| 490 |
_vVol-1 _aControversies in constitutional law : Collection of document and articles on major questions of Amarican law |
||
| 650 | _aSOCIOLOGY | ||
| 942 |
_hY73:2, N9 _cTEXL _2cc |
||
| 999 |
_c994389 _d994389 |
||